An introduction to american literature = Una introducción a la literatura americana /
Đã lưu trong:
| Những tác giả chính: | , |
|---|---|
| Định dạng: | Không biết |
| Ngôn ngữ: | English |
| Được phát hành: |
New York :
Schocken books,
1973.
|
| Những chủ đề: | |
| Các nhãn: |
Thêm thẻ
Không có thẻ, Là người đầu tiên thẻ bản ghi này!
|
MARC
| LEADER | 000000000a22000000004500 | ||
|---|---|---|---|
| 001 | 011794 | ||
| 041 | 0 | |a eng | |
| 082 | 0 | 4 | |a 810.9 |b B732i |
| 100 | 1 | |a Borges, Jorge Luis, |d 1899-1986 | |
| 100 | 1 | |a Zemborain deTorres Duggan, Esther | |
| 245 | 1 | 0 | |a An introduction to american literature = |b Una introducción a la literatura americana / |c Jorge Luis Borges, Esther Zemborain deTorres Duggan. |
| 246 | 3 | 1 | |a Una introducción a la literatura americana |
| 260 | 1 | |a New York : |b Schocken books, |c 1973. | |
| 300 | |a x, 94 páginas | ||
| 500 | |a Material disponible en BCMA | ||
| 650 | 4 | |a LITERATURA ESTADOUNIDENSE | |
| 650 | 4 | |a HISTORIA Y CRITICA | |
| 500 | |a Colección George Yúdice | ||
| 999 | |c 17822 |d 17822 | ||
| 942 | |c BK |h 810.9 B732i |2 z | ||
